Представление документа в формате RUSMARC

ПолеНазваниеЗначение
  Тип записи a
  Библиографический уровень a
001 Контрольный номер RU/REG73/CBS_GRAD/0bd19bf4e339494b94833105f8189525
005 Дата корректировки 20230821145853.8
100 Данные общей обработки __
a Данные общей обработки 20230821 ||| 0rusy0189 ca
101 Язык документа 0_
a Язык текста rus
102 Страна публикации __
a Страна публикации RU
200 Заглавие и сведения об ответственности 1_
a Заглавие Куба всегда рядом
e Сведения, относящиеся к заглавию Героический остров свободы и его пример для России
215 Физическое описание __
a Объем С.8.
461 Уровень набора _0
1 2000
a Завтра
463 Уровень физической единицы _0
1 2000
8
v №31(август)
1 2101
d 2023
1 001RU/REG73/CBS_GRAD/eb7b3b7c566b4a17a5e7061131f3d5be
610 Ключевые слова 0_
a Ключевые слова Куба
686 Индексы других классификаций __
a Классификационный индекс 66.3(4/8)
700 Автор _1
a Фамилия Макарычев
b Имя (инициалы) М
g Полное личное имя Максим
801 Источник записи _0
a Страна RU
b Организация RuCBSGrad
c Дата составления 20230821
g Правила каталогизации RCR
801 Источник записи _1
a Страна RU
b Организация RuCBSGrad
c Дата составления 20230821
g Правила каталогизации RCR
901 Тип документа __
t Тип документа f
w Контрольный № источника RU/REG73/CBS_GRAD/eb7b3b7c566b4a17a5e7061131f3d5be